Pokémon - Mort Subite Pokédex (4) - Statistiques

Statistiques générales
  • Ce quiz a été pris 144 fois
  • Le résultat moyen est 7 sur 16
Answers on the Grid
Answers color-coded by a green-red scale on the quiz's grid according to % correct below.
Coxy
Roigada
Feuforêve
Qwilfish
Zarbi
Girafarig
Corayon
Tarpaud
Ho-Oh
Hyporoi
Cochignon
Malosse
Yanma
Farfuret
Airmure
Tournegrin
Maraiste
Pichu
Débugant
Écrémeuh
Azumarill
Togepi
Xatu
Suicune
Loupio
Queulorior
Leuphorie
Mentali
Nostenfer
Cerfrousse
Joliflor
Porygon2
 
Statistiques - réponses
Réponse % Correct
Coxy
89%
Feuforêve
65%
Roigada
62%
Zarbi
52%
Nostenfer
49%
Xatu
48%
Joliflor
46%
Loupio
44%
Pichu
43%
Azumarill
40%
Maraiste
40%
Togepi
40%
Tournegrin
38%
Tarpaud
35%
Mentali
29%
Yanma
25%
Aucun quiz correspondant
Distribution des résultats
% des personnes avec chaque résultat
Percentile par nombre de réponses
Votre historique - résultats
Vous n’avez pas pris ce quiz